Normal view
MARC view
Entry Corporate Name
001 - CONTROL NUMBER
- control field: 1582102
003 - CONTROL NUMBER IDENTIFIER
- control field: NLI
005 - DATE AND TIME OF LATEST TRANSACTION
- control field: 20241114103821.0
008 - FIXED-LENGTH DATA ELEMENTS
- fixed length control field: 241114|| aca||aabn | a|a d
040 ## - CATALOGING SOURCE
- Original cataloging agency: NLI
- Transcribing agency: NLI
110 ## - HEADING--CORPORATE NAME
- Corporate name or jurisdiction name as entry element: Scientific Publishers
670 ## - SOURCE DATA FOUND
- Source citation: Work cat.: (NLI)1509053: 880-01, The Palaeobotanist, 1952-
